All Warrior Cats Manga - Statistics

General Stats
  • This quiz has been taken 10 times
  • The average score is 8 of 15
Answer Stats
Answer % Correct
After the Flood
75%
A Shadow in RiverClan
75%
Shattered Peace
63%
The Rise of Scourge
63%
A Clan in Need
50%
Beyond the Code
50%
Escape from the Forest
50%
Into the Woods
50%
Return to the Clans
50%
The Lost Warrior
50%
The Rescue
50%
Warrior’s Refuge
50%
Warrior’s Return
50%
Winds of Change
50%
The Heart of a Warrior
38%
No matching quizzes found
Score Distribution
Percent of People with Each Score
Percentile by Number Answered
Your Score History
You have not taken this quiz